|
|
|
|
| LEADER |
00000nab a2200000 a 4500 |
| 001 |
vtls000160939 |
| 003 |
SK-MaSNL |
| 005 |
20260304051250.0 |
| 008 |
250422c1983 xo 0 slo |
| 015 |
|
|
|a SNBRB19rr/mm-uuuuu
|
| 035 |
|
|
|a CL0171049
|
| 035 |
|
|
|a urn:nbn:sk:snk-abbcnr
|
| 035 |
|
|
|a (urnnbn)urn:nbn:sk:snk:ar-002vdt
|
| 035 |
|
|
|a (uuid)74cfeede-57f5-4bf1-9e2a-4957a667468e
|
| 040 |
|
|
|a SNKBUCL
|b slo
|c SNKBUCL
|e AACR2
|
| 041 |
0 |
|
|a slo
|
| 044 |
|
|
|a xo
|c SK
|
| 080 |
|
|
|a 808.54-087
|2 1981
|
| 100 |
1 |
|
|a Habovštiak, Anton,
|d 1924-2004
|4 aut
|9 92747
|
| 245 |
1 |
0 |
|a Tretí zväzok Atlasu slovenských nárečí
|c Anton Habovštiak ; Ferdinand Buffa
|
| 650 |
0 |
7 |
|a dialektológia slovenská
|2 snkbucl
|9 1009113
|
| 655 |
|
7 |
|a články z novín a časopisov
|2 snkbucl
|9 267496
|
| 700 |
1 |
|
|a Buffa, Ferdinand,
|d 1926-2012
|4 aut
|9 99943
|
| 773 |
0 |
|
|t Slovenská reč
|g Roč. 48, č. 2 (1983), s. 117-121
|
| 787 |
0 |
8 |
|i Rec.:
|a Buffa, Ferdinand
|t Atlas slovenského jazyka. Zv. 3.
|d Bratislava : Veda, 1981, 1978
|
| 850 |
|
|
|a Slovenská národná knižnica
|
| 852 |
|
|
|a Slovenská národná knižnica
|
| 954 |
|
|
|a odborná, vedecká literatúra pôvodná (slovenská)
|2 lita
|
| 958 |
|
|
|a article15
|
| 958 |
|
|
|a RK
|
| 958 |
|
|
|a OND
|
| 958 |
|
|
|a EUIPO
|
| 992 |
|
|
|a RBX
|
| 999 |
|
|
|c 2702721
|d 2704651
|